Country General Knowledge - Statistics

General Stats
  • This quiz has been taken 208 times
  • The average score is 54 of 68
Answer Stats
Question Tile Select % Correct
That are in Europe Canada No
100%
That are in Europe Fiji No
100%
That are in Europe Libya No
100%
That are in Europe Madagascar No
100%
That are in Europe Suriname No
100%
That are in Europe France Yes
99%
That are in Europe Grenada No
99%
That are in Europe Ireland Yes
99%
That are in Europe Mongolia No
99%
That are in Europe Morocco No
98%
That are in Europe Iceland Yes
96%
That are in Europe Estonia Yes
95%
That share a border with Russia South Korea No
95%
That are in Europe Andorra Yes
94%
That share a border with Russia Vietnam No
94%
That are in Europe North Macedonia Yes
91%
That were part of the British Empire at some point Brazil No
90%
That were part of the British Empire at some point Ireland Yes
90%
That share a border with Russia Japan No
90%
That are in Europe Russia Yes
89%
That share a border with Russia China Yes
88%
That has a population of over 100 million Morocco No
88%
That share a border with Russia Germany No
86%
That share a border with Russia Mongolia Yes
86%
That were part of the British Empire at some point United States Yes
86%
That has a population of over 100 million India Yes
85%
That has a population of over 100 million Tanzania No
84%
That has a population of over 100 million United States Yes
84%
That DOES NOT have the letter "a" in it Argentina No
82%
That DOES NOT have the letter "a" in it Nigeria No
82%
That DOES NOT have the letter "a" in it Canada No
81%
That DOES NOT have the letter "a" in it East Timor No
81%
That DOES NOT have the letter "a" in it Germany No
81%
That DOES NOT have the letter "a" in it United States No
81%
That DOES NOT have the letter "a" in it Ethiopia No
80%
That share a border with Russia Turkey No
80%
That has a population of over 100 million Australia No
79%
That DOES NOT have the letter "a" in it Morocco Yes
78%
That has a population of over 100 million Canada No
77%
That DOES NOT have the letter "a" in it Egypt Yes
77%
That share a border with Russia Romania No
77%
That has a population of over 100 million Russia Yes
77%
That share a border with Russia Sweden No
77%
That were part of the British Empire at some point Iran No
75%
That share a border with Russia North Korea Yes
75%
That has a population of over 100 million Germany No
74%
That has a population of over 100 million Malasyia No
74%
That DOES NOT have the letter "a" in it Niger Yes
74%
That has a population of over 100 million South Africa No
74%
That DOES NOT have the letter "a" in it Benin Yes
73%
That DOES NOT have the letter "a" in it Comoros Yes
73%
That DOES NOT have the letter "a" in it Mexico Yes
72%
That DOES NOT have the letter "a" in it Turkey Yes
72%
That were part of the British Empire at some point Tonga Yes
71%
That has a population of over 100 million Bangladesh Yes
70%
That DOES NOT have the letter "a" in it Peru Yes
70%
That has a population of over 100 million Mexico Yes
67%
That DOES NOT have the letter "a" in it United Kingdon Yes
67%
That were part of the British Empire at some point Indonesia No
65%
That has a population of over 100 million Japan Yes
65%
That has a population of over 100 million Vietnam No
63%
That share a border with Russia Norway Yes
62%
That were part of the British Empire at some point Kiribati Yes
59%
That has a population of over 100 million Phillipines Yes
57%
That has a population of over 100 million Ethiopia Yes
46%
That share a border with Russia Uzbekistan No
45%
That were part of the British Empire at some point Iraq Yes
27%
That are in Europe Kazakhstan Yes
22%
No matching quizzes found
Score Distribution
Percent of People with Each Score
Percentile by Number Answered
Your Score History
You have not taken this quiz